000 01918cam a2200181 4500500
005 20251228095050.0
041 _afre
042 _adc
100 1 0 _aVieira, António
_eauthor
245 0 0 _aA desaparição de Eurídice
260 _c2018.
500 _a28
520 _aNouvelle inédite. Eurydice disparaît et est engloutie dans le royaume des ténèbres. Orphée part à sa recherche dans le monde des ombres et les dieux, séduits par son chant, laissent la nymphe percer à l’orée de la nuit. Mais la force subversive du regard le trahit et Eurydice disparaît une deuxième fois définitivement. La disparition survient comme métamorphose limite, qui est comme le négatif de l’accident mythique qui a instauré le monde et mis le temps en marche.
520 _aAn unpublished short story. Eurydice disappears and is swallowed up in the realm of darkness. Orpheus sets off to seek her in the world of shadows and, enchanted by his singing, the gods allow the nymph to break through the curtain of night. But Orpheus is betrayed by the subversive force of his gaze and Eurydice disappears a second time, for good. Disappearance occurs as an extreme form of metamorphosis, like the negative side of the mythical accident through which the world was established and time set into motion.
520 _aNovela inédita. Eurídice desaparece devorada pelo reino das trevas. Orfeu parte em sua demanda no mundo das sombras, e os deuses, seduzidos pelo seu canto, permitem que a ninfa espreite a luz do dia. A força subversiva do olhar acaba, no entanto, por traí-lo, e Eurídice desaparece definitivamente. O desaparecimento surge como metamorfose limite, duplo negativo do incidente mítico que criou o mundo e instaurou o tempo.
786 0 _nSigila | 41 | 1 | 2018-06-01 | p. 109-114 | 1286-1715
856 4 1 _uhttps://shs.cairn.info/revue-sigila-2018-1-page-109?lang=fr&redirect-ssocas=7080
999 _c1605463
_d1605463